000 00655nam a22002537a 4500
003 UA-OsUOA
001 135597
007 ta
008 20190206b un ||||| |||| 00| 0 ukr d
100 _aДжоунс Т.
090 _a82-94
_bД42
942 _cBK
040 _aUA-OsUOA
_bukr
_cUA-OsUOA
_dUA-OsUOA
245 _aПотаємне серце Італії
300 _a320 с.
955 _a2
041 _aukr
080 _a82-94
020 _a978-617-569-082-6
591 _aКралюк П. М.
260 _aК.
_bТемпора
_c2012
650 7 _a82 Література. Літературознавство
_2UDC
999 _c416870
_d416870